000 00553nam a22001937a 4500
999 _c8362
_d8362
008 201117b ||||| |||| 00| 0 eng d
040 _aBMS College of Architecture
100 _aPrajwal, J
245 _a1-0-1
300 _a30p.
500 _a1BM15AT067
502 1 _8B,Arch
_NBMS College of Architecture, Visvesvaraya Technological University (VTU)
_aProject report
_d2019
650 _aHidden curriculum
650 _aZero to one
650 _aOne to Zero
700 _aAnirban Pal
_eGuide
700 _aSachin Sheity
_eGuide
942 _2ddc
_cTHE